|
|
|
|
| LEADER |
01440nam a22003014a 4500 |
| 001 |
27509 |
| 003 |
BD-DhAAL |
| 005 |
20130917113721.0 |
| 008 |
130917s2012 nyu b 001 0 eng |
| 010 |
|
|
|a 2011029808
|
| 020 |
|
|
|a 9780415877374 (acidfree paper)
|
| 020 |
|
|
|a 9780415877381 (pbk. : acidfree paper)
|
| 020 |
|
|
|a 9780203832530 (acidfree paper)
|
| 040 |
|
|
|a DLC
|c DLC
|d DLC
|d BD-DhAAL
|
| 050 |
0 |
0 |
|a P53.85
|b .K86 2012
|
| 082 |
0 |
0 |
|a 418.0071
|2 23
|
| 100 |
1 |
|
|a Kumaravadivelu, B.,
|d 1948-
|9 3125
|
| 245 |
1 |
0 |
|a Language teacher education for a global society :
|b a modular model for knowing, analyzing, recognizing, doing, and seeing /
|c B. Kumaravadivelu.
|
| 260 |
|
|
|a New York :
|b Routledge/Taylor and Francis,
|c 2012.
|
| 300 |
|
|
|a xiii, 148 p. ;
|c 24 cm.
|
| 490 |
0 |
|
|a ESL & applied linguistics professional series
|
| 504 |
|
|
|a Includes bibliographical references (p. [133]-142) and index.
|
| 541 |
|
|
|e 27509, 27510
|
| 650 |
|
0 |
|a Language teachers
|x Training of.
|9 3126
|
| 942 |
|
|
|2 ddc
|c BK
|
| 999 |
|
|
|c 13978
|d 13978
|
| 952 |
|
|
|0 0
|1 0
|2 ddc
|4 0
|6 418_007100000000000_KUM
|7 0
|9 23422
|a BRACUL
|b BRACUL
|c GEN
|d 2013-09-17
|e Essence Science Publications
|g 3265.00
|l 8
|m 46
|o 418.0071 KUM
|p 3010027509
|r 2021-09-09
|s 2018-02-26
|t 1
|w 2013-09-17
|y BK
|
| 952 |
|
|
|0 0
|1 0
|2 ddc
|4 0
|6 418_007100000000000_KUM
|7 0
|9 23423
|a BRACUL
|b BRACUL
|c GEN
|d 2013-09-17
|e Essence Science Publications
|g 3265.00
|l 6
|m 32
|o 418.0071 KUM
|p 3010027510
|r 2018-04-19
|s 2017-11-08
|t 2
|w 2013-09-17
|y BK
|